| 000 | 00623nam a2200229Ia 4500 | ||
|---|---|---|---|
| 003 | GCL | ||
| 008 | 140319s9999 xx 000 0 ara d | ||
| 040 |
_aGCL / _cGCL |
||
| 082 | 0 | 4 |
_a956 _bص ت |
| 100 | 1 | _aصابر طعيمة | |
| 245 | 1 | 0 |
_aالتاريخ اليهودى العام / _cصابر طعيمة |
| 260 |
_a[S.N] : _bدار الجيل ، _c1991 |
||
| 300 | _aمتعدد | ||
| 490 | _a | ||
| 650 | 0 | 4 | _aتاريخ |
| 650 | 0 | 4 | _aاليهودية |
| 650 | 0 | 4 | _aالعهد القديم |
| 650 | 0 | 4 | _aالصهيونية |
| 650 | 0 | 4 | _aالاسرائيليون |
| 650 | 0 | 4 | _aاليهود |
| 942 |
_2ddc _cBK |
||
| 999 |
_c54666 _d54666 |
||